Chemistry: experimental foundations (Record no. 14287)

000 -LEADER
fixed length control field 00557cam a2200169 4500
020 ## - INTERNATIONAL STANDARD BOOK NUMBER
ISBN 0131289756
040 ## - CATALOGING SOURCE
Transcribing agency DLC
082 00 - DEWEY DECIMAL CLASSIFICATION NUMBER
Classification number 542 PRE 1970 A060 Or.
245 00 - TITLE STATEMENT
Title Chemistry: experimental foundations
260 ## - PUBLICATION, DISTRIBUTION, ETC. (IMPRINT)
Place of publication Englewood Cliffs, N.J.,
Name of publisher Prentice-Hall
Year of publication [1970]
300 ## - PHYSICAL DESCRIPTION
Number of Pages x, 629 p.
Other physical details illus.
Dimensions 27 cm.
500 ## - GENERAL NOTE
General note Revision of Chemistry, an experimental science, originally prepared by Chemical Education Material Study in 1963.
650 #0 - SUBJECT ADDED ENTRY--TOPICAL TERM
Topical Term Chemistry.
700 1# - ADDED ENTRY--PERSONAL NAME
Personal name Parry, Robert W.
710 2# - ADDED ENTRY--CORPORATE NAME
Corporate name or jurisdiction name as entry element Chemical Education Material Study.
942 ## - ADDED ENTRY ELEMENTS (KOHA)
Koha item type សៀវភៅភាសាអង់គ្លេស
952 ## - LOCATION AND ITEM INFORMATION (KOHA)
Withdrawn status [LOCAL, KOHA] 0
Holdings
Permanent Location Date acquired Koha item type Lost status Shelving location Barcode Current Location Full call number
Library Block A2017-10-11សៀវភៅភាសាអង់គ្លេស A060A28130Library Block A542 PRE 1970 A060 Or.
មជ្ឈមណ្ឌលឯការនៃសាកលវិទ្យាល័យភូមិន្ទកសិកម្មចំការដូង

Powered by Koha